Jobs (Record no. 282794)
[ view plain ]
| 000 -LEADER | |
|---|---|
| fixed length control field | 01878ngm a22003972a 4500 |
| 005 - DATE AND TIME OF LATEST TRANSACTION | |
| control field | 20200320192013.0 |
| 007 - PHYSICAL DESCRIPTION FIXED FIELD--GENERAL INFORMATION | |
| fixed length control field | vd cvaizs |
| 008 - FIXED-LENGTH DATA ELEMENTS--GENERAL INFORMATION | |
| fixed length control field | 130924s2013 xxu129 e vleng d |
| 020 ## - INTERNATIONAL STANDARD BOOK NUMBER | |
| Terms of availability | $29.99 |
| 020 ## - INTERNATIONAL STANDARD BOOK NUMBER | |
| International Standard Book Number | 025192191442 |
| 024 1# - OTHER STANDARD IDENTIFIER | |
| Standard number or code | 025192191442 |
| 028 42 - PUBLISHER NUMBER | |
| Publisher number | 11026573 |
| 130 ## - MAIN ENTRY--UNIFORM TITLE | |
| Uniform title | Jobs (Motion picture) |
| 9 (RLIN) | 5885843 |
| 245 00 - TITLE STATEMENT | |
| Title | Jobs |
| Medium | [videodisc]. |
| 250 ## - EDITION STATEMENT | |
| Edition statement | Widescreen ed. |
| 260 ## - PUBLICATION, DISTRIBUTION, ETC. (IMPRINT) | |
| Place of publication, distribution, etc | [United States] : |
| Name of publisher, distributor, etc | Universal Studios Home Entertainment, |
| Date of publication, distribution, etc | 2013. |
| 300 ## - PHYSICAL DESCRIPTION | |
| Extent | 1 videodisc (ca. 129 min.) : |
| Other physical details | sd., col. ; |
| Dimensions | 4 3/4 in. |
| 500 ## - GENERAL NOTE | |
| General note | Expected release date: December 24, 2013. |
| 508 ## - CREATION/PRODUCTION CREDITS NOTE | |
| Creation/production credits note | Director, Joshua Michael Stern. |
| 511 1# - PARTICIPANT OR PERFORMER NOTE | |
| Participant or performer note | Lukas Haas, Dermot Mulroney, Ron Eldard, Josh Gad, Matthew Modine, Lesley Ann Warren, J. K. Simmons, Ashton Kutcher. |
| 520 ## - SUMMARY, ETC. | |
| Summary, etc | A riveting story of a true American visionary, a man who let nothing stand in the way of greatness. It chronicles the iconic innovator and entrepreneur's early days. He was a college dropout who co-founded Apple Computer Inc. and was then forced to leave. More than a decade later, Jobs returns and single-handedly sets a course that will turn the once-tiny startup into one of the world's most valuable companies. His epic journey blazes a trail that changes technology-and the world-forever. |
| 521 8# - TARGET AUDIENCE NOTE | |
| Target audience note | MPAA rating: PG-13. |
| 538 ## - SYSTEM DETAILS NOTE | |
| System details note | DVD. |
| 546 ## - LANGUAGE NOTE | |
| Language note | English audio. |
| 700 1# - ADDED ENTRY--PERSONAL NAME | |
| Personal name | Modine, Matthew. |
| 9 (RLIN) | 23774 |
| 700 1# - ADDED ENTRY--PERSONAL NAME | |
| Personal name | Mulroney, Dermot. |
| 9 (RLIN) | 64320 |
| 700 1# - ADDED ENTRY--PERSONAL NAME | |
| Personal name | Warren, Lesley Ann. |
| 9 (RLIN) | 41773 |
| 700 1# - ADDED ENTRY--PERSONAL NAME | |
| Personal name | Haas, Lukas, |
| Dates associated with a name | 1976- |
| 9 (RLIN) | 39701 |
| 700 1# - ADDED ENTRY--PERSONAL NAME | |
| Personal name | Kutcher, Ashton, |
| Dates associated with a name | 1978- |
| 9 (RLIN) | 53078 |
| 700 1# - ADDED ENTRY--PERSONAL NAME | |
| Personal name | Simmons, J. K. |
| 9 (RLIN) | 62252 |
| 700 1# - ADDED ENTRY--PERSONAL NAME | |
| Personal name | Eldard, Ron, |
| Dates associated with a name | 1964- |
| 9 (RLIN) | 76411 |
| 700 1# - ADDED ENTRY--PERSONAL NAME | |
| Personal name | Gad, Josh, |
| Dates associated with a name | 1981- |
| 9 (RLIN) | 5809208 |
| 942 ## - ADDED ENTRY ELEMENTS (KOHA) | |
| Koha item type | DVD |
| 948 ## - LOCAL PROCESSING INFORMATION (OCLC); SERIES PART DESIGNATOR (RLIN) | |
| Series part designator, SPT (RLIN) | 01/27/2014 |
| z (OCLC) | Sirsi |
| 996 ## - | |
| -- | 106715 |
| -- | 34301001634767 |
| -- | DVD |
| -- | DVD |
| -- | wcl |
| -- | i |
| -- | 60 |
| -- | 24.95 |
| -- | micro |
| -- | Job |
| -- | 01/27/2014 |
| -- | 12/11/2019 |
| -- | 12/06/2019 |
| Withdrawn status | Lost status | Source of classification or shelving scheme | Damaged status | Not for loan | Collection code | Home library | Current library | Shelving location | Date acquired | Source of acquisition | Cost, normal purchase price | Total Checkouts | Total Renewals | Full call number | Barcode | Date last seen | Date checked out | Cost, replacement price | Price effective from | Koha item type |
|---|---|---|---|---|---|---|---|---|---|---|---|---|---|---|---|---|---|---|---|---|
| Dewey Decimal Classification | Movies | Wasatch County Library | Wasatch County Library | Audio Visual Area | 01/27/2014 | 24.95 | 68 | 9 | DVD Job | 34301001634767 | 01/23/2025 | 01/03/2025 | 24.95 | 03/20/2020 | DVD |
